Abnormal psychology clinical perspectives on psychological disorders

Guardat en:
Dades bibliogràfiques
Autor principal: WHITBOURNE, Susan Krauss
Format: Llibre
Idioma:anglès
Publicat: McGraw Hill Education 2017
Etiquetes: Afegir etiqueta
Sense etiquetes, Sigues el primer a etiquetar aquest registre!

MARC

LEADER 00000nam a22000007a 4500
008 201218b ||||| |||| 00| 0 eng d
020 |a : 978-1-259-25386-7  
100 |a WHITBOURNE, Susan Krauss 
245 |a Abnormal psychology  |b clinical perspectives on psychological disorders  |c Susan Krauss Whitbourne  |g xx; 407p 
250 |b  8th ed.  
260 |b McGraw Hill Education  |c 2017  |d Books  |h  New York  |i 690948  |l RC454 .W58  |m Psychology; Pathological  |m Mental illness. 
500 |a “It includes references & index.” 
942 |a lcc  |c BK  |e Adekanye I. H.  |f 18/12/2020 
952 |0 0  |1 0  |2 lcc  |4 0  |6 RC0454 W58  |7 0  |9 972  |a HOL  |b HOL  |c QZ  |d 2020-12-18  |l 0  |o RC454 .W58  |p 2020-230198  |r 2020-12-18 00:00:00  |w 2020-12-18  |y BK 
952 |0 0  |1 0  |2 lcc  |4 0  |6 RC0454 W58  |7 0  |9 1081  |a HOL  |b ML  |c QZ  |d 2020-12-21  |l 0  |o RC454 .W58  |p 2020-230296  |r 2020-12-21 00:00:00  |w 2020-12-21  |y BK 
999 |c 499  |d 499